[Event "Deutsche Ländermeisterschaft 2025"]
[Site "Oer-Erkenschwick GER"]
[Date "2025.10.04"]
[Round "6"]
[White "Vranckx, Oscar"]
[Black "Polzin, Gustav"]
[Result "0-1"]
[Termination "normal"]
[Board "3.4"]
[WhiteElo "2117"]
[BlackElo "2058"]
[WhiteClock "00:55:53"]
[BlackClock "00:10:21"]
[WhiteTeam "Rheinland-Pfalz"]
[BlackTeam "Sachsen-Anhalt"]
[PlyCount "148"]
[WhiteFideId "34608788"]
[BlackFideId "34603280"]
[EventCountry "GER"]
[EventRounds "7"]
[EventType "team-swiss"]
[EventDate "2025.09.30"]

1. e4 {[%clk 01:30:59]} c6 {[%clk 01:30:56]} {[%emt 00:00:05]} 2. Nc3 {[%clk
01:31:23]} {[%emt 00:00:05]} d5 {[%clk 01:31:22]} {[%emt 00:00:05]} 3. Nf3
{[%clk 01:31:48]} {[%emt 00:00:05]} dxe4 {[%clk 01:31:48]} {[%emt 00:00:04]} 4.
Nxe4 {[%clk 01:32:12]} {[%emt 00:00:05]} Nf6 {[%clk 01:32:16]} {[%emt
00:00:03]} 5. Qe2 {[%clk 01:32:35]} {[%emt 00:00:07]} Nxe4 {[%clk 01:32:40]}
{[%emt 00:00:06]} 6. Qxe4 {[%clk 01:33:01]} {[%emt 00:00:04]} Qa5 {[%clk
01:32:54]} {[%emt 00:00:17]} 7. Bc4 {[%clk 01:33:14]} {[%emt 00:00:16]} Bf5
{[%clk 01:33:15]} {[%emt 00:00:09]} 8. Qf4 {[%clk 01:33:38]} {[%emt 00:00:05]}
e6 {[%clk 01:33:37]} {[%emt 00:00:08]} 9. O-O {[%clk 01:33:56]} {[%emt
00:00:12]} Qd8 {[%clk 01:33:55]} {[%emt 00:00:13]} 10. d3 {[%clk 01:32:58]}
{[%emt 00:01:28]} Bd6 {[%clk 01:34:15]} {[%emt 00:00:10]} 11. Qh4 {[%clk
01:33:22]} {[%emt 00:00:06]} Nd7 {[%clk 01:32:37]} {[%emt 00:02:08]} 12. Qxd8+
{[%clk 01:32:23]} {[%emt 00:01:28]} Kxd8 {[%clk 01:31:27]} {[%emt 00:01:40]}
13. Nh4 {[%clk 01:28:06]} {[%emt 00:04:46]} Bg6 {[%clk 01:30:07]} {[%emt
00:01:50]} 14. Nxg6 {[%clk 01:27:44]} {[%emt 00:00:52]} hxg6 {[%clk 01:30:35]}
{[%emt 00:00:02]} 15. h3 {[%clk 01:28:06]} {[%emt 00:00:08]} Kc7 {[%clk
01:29:21]} {[%emt 00:01:45]} 16. a4 {[%clk 01:26:21]} {[%emt 00:02:15]} a5
{[%clk 01:14:31]} {[%emt 00:15:20]} 17. Bd2 {[%clk 01:23:57]} {[%emt 00:02:53]}
Rhb8 {[%clk 01:00:29]} {[%emt 00:14:33]} 18. d4 {[%clk 01:22:54]} {[%emt
00:01:32]} Nf6 {[%clk 00:59:54]} {[%emt 00:01:05]} 19. Rfe1 {[%clk 01:21:12]}
{[%emt 00:02:12]} Nd5 {[%clk 00:59:29]} {[%emt 00:00:56]} 20. g3 {[%clk
01:17:02]} {[%emt 00:04:41]} Kd7 {[%clk 00:57:32]} {[%emt 00:02:27]} 21. Re4
{[%clk 01:14:15]} {[%emt 00:03:16]} b6 {[%clk 00:37:04]} {[%emt 00:20:59]} 22.
Rae1 {[%clk 01:13:47]} {[%emt 00:00:57]} Ra7 {[%clk 00:33:32]} {[%emt
00:04:03]} 23. R4e2 {[%clk 01:11:26]} {[%emt 00:02:50]} Be7 {[%clk 00:31:12]}
{[%emt 00:02:49]} 24. Bxd5 {[%clk 01:06:18]} {[%emt 00:05:39]} cxd5 {[%clk
00:31:35]} {[%emt 00:00:07]} 25. c4 {[%clk 01:05:03]} {[%emt 00:01:45]} Bd6
{[%clk 00:22:33]} {[%emt 00:09:32]} 26. cxd5 {[%clk 01:05:01]} {[%emt
00:00:32]} exd5 {[%clk 00:23:02]} {[%emt 00:00:01]} 27. Re3 {[%clk 01:02:24]}
{[%emt 00:03:07]} b5 {[%clk 00:19:12]} {[%emt 00:04:21]} 28. Rf3 {[%clk
01:02:23]} {[%emt 00:00:30]} f6 {[%clk 00:19:24]} {[%emt 00:00:18]} 29. axb5
{[%clk 01:02:10]} {[%emt 00:00:43]} Rxb5 {[%clk 00:19:52]} {[%emt 00:00:02]}
30. Bc3 {[%clk 01:02:32]} {[%emt 00:00:08]} a4 {[%clk 00:19:28]} {[%emt
00:00:54]} 31. Rfe3 {[%clk 01:02:20]} {[%emt 00:00:41]} Ra8 {[%clk 00:19:44]}
{[%emt 00:00:15]} 32. R1e2 {[%clk 01:00:56]} {[%emt 00:01:53]} Rb3 {[%clk
00:19:48]} {[%emt 00:00:27]} 33. Kg2 {[%clk 01:00:49]} {[%emt 00:00:37]} Rc8
{[%clk 00:19:34]} {[%emt 00:00:44]} 34. Be1 {[%clk 01:01:01]} {[%emt 00:00:18]}
Rcb8 {[%clk 00:10:18]} {[%emt 00:09:47]} 35. Rxb3 {[%clk 01:01:07]} {[%emt
00:00:23]} Rxb3 {[%clk 00:10:21]} {[%emt 00:00:27]} 36. Rc2 {[%clk 00:58:55]}
{[%emt 00:02:41]} Bb4 {[%clk 00:10:15]} {[%emt 00:00:37]} 37. Bxb4 {[%clk
00:59:09]} {[%emt 00:00:17]} Rxb4 {[%clk 00:10:44]} {[%emt 00:00:01]} 38. Rd2
{[%clk 00:59:31]} {[%emt 00:00:07]} Kc6 {[%clk 00:10:29]} {[%emt 00:00:45]} 39.
Kf3 {[%clk 00:58:43]} {[%emt 00:01:17]} Kb5 {[%clk 00:10:36]} {[%emt 00:00:23]}
40. Ke2 {[%clk 00:57:49]} {[%emt 00:01:24]} Kc4 {[%clk 00:10:45]} {[%emt
00:00:20]} 41. Kd1 {[%clk 00:57:23]} {[%emt 00:00:56]} Rb3 {[%clk 00:07:26]}
{[%emt 00:03:50]} 42. Kc2 {[%clk 00:56:36]} {[%emt 00:01:16]} g5 {[%clk
00:06:10]} {[%emt 00:01:46]} 43. Rd1 {[%clk 00:54:50]} {[%emt 00:02:16]} a3
{[%clk 00:05:41]} {[%emt 00:01:00]} 44. bxa3 {[%clk 00:53:29]} {[%emt
00:01:51]} Rxa3 {[%clk 00:06:10]} 45. Rf1 {[%clk 00:51:40]} {[%emt 00:02:19]}
Kxd4 {[%clk 00:05:50]} {[%emt 00:00:50]} 46. Kb2 {[%clk 00:51:38]} {[%emt
00:00:32]} Rf3 {[%clk 00:05:33]} {[%emt 00:00:47]} 47. Kc2 {[%clk 00:52:01]}
{[%emt 00:00:07]} Rc3+ {[%clk 00:04:52]} {[%emt 00:01:11]} 48. Kd2 {[%clk
00:51:52]} {[%emt 00:00:39]} Ra3 {[%clk 00:05:07]} {[%emt 00:00:14]} 49. Rb1
{[%clk 00:51:56]} {[%emt 00:00:26]} Ra2+ {[%clk 00:05:00]} {[%emt 00:00:37]}
50. Ke1 {[%clk 00:52:20]} {[%emt 00:00:06]} Ke4 {[%clk 00:04:52]} {[%emt
00:00:38]} 51. Kf1 {[%clk 00:51:47]} {[%emt 00:01:03]} d4 {[%clk 00:05:01]}
{[%emt 00:00:20]} 52. Rd1 {[%clk 00:50:49]} {[%emt 00:01:27]} d3 {[%clk
00:05:10]} {[%emt 00:00:22]} 53. Ke1 {[%clk 00:49:53]} {[%emt 00:01:26]} Kd4
{[%clk 00:05:06]} {[%emt 00:00:34]} 54. Rb1 {[%clk 00:49:42]} {[%emt 00:00:41]}
Re2+ {[%clk 00:05:12]} {[%emt 00:00:25]} 55. Kf1 {[%clk 00:49:59]} {[%emt
00:00:12]} Re7 {[%clk 00:05:39]} {[%emt 00:00:02]} 56. Rb8 {[%clk 00:49:58]}
{[%emt 00:00:31]} d2 {[%clk 00:05:45]} {[%emt 00:00:24]} 57. Rd8+ {[%clk
00:50:18]} {[%emt 00:00:11]} Kc3 {[%clk 00:06:08]} {[%emt 00:00:07]} 58. Rc8+
{[%clk 00:50:42]} {[%emt 00:00:06]} Kb4 {[%clk 00:06:25]} {[%emt 00:00:13]} 59.
Rb8+ {[%clk 00:50:58]} {[%emt 00:00:13]} Kc5 {[%clk 00:06:08]} {[%emt
00:00:47]} 60. Rc8+ {[%clk 00:51:24]} {[%emt 00:00:05]} Kd4 {[%clk 00:05:52]}
{[%emt 00:00:46]} 61. Rd8+ {[%clk 00:51:45]} {[%emt 00:00:09]} Kc3 {[%clk
00:06:03]} {[%emt 00:00:19]} 62. Rc8+ {[%clk 00:52:11]} {[%emt 00:00:04]} Kd3
{[%clk 00:06:27]} {[%emt 00:00:06]} 63. Rd8+ {[%clk 00:52:30]} {[%emt
00:00:11]} Kc2 {[%clk 00:06:54]} {[%emt 00:00:03]} 64. Rc8+ {[%clk 00:52:55]}
{[%emt 00:00:05]} Kd1 {[%clk 00:07:16]} {[%emt 00:00:07]} 65. Rd8 {[%clk
00:53:14]} {[%emt 00:00:11]} Rc7 {[%clk 00:07:01]} {[%emt 00:00:45]} 66. Ra8
{[%clk 00:53:14]} {[%emt 00:00:30]} Kc1 {[%clk 00:07:08]} {[%emt 00:00:23]} 67.
Ra1+ {[%clk 00:53:38]} {[%emt 00:00:06]} Kb2 {[%clk 00:07:33]} {[%emt
00:00:04]} 68. Rd1 {[%clk 00:53:57]} {[%emt 00:00:11]} Kc2 {[%clk 00:07:57]}
{[%emt 00:00:06]} 69. f4 {[%clk 00:53:48]} {[%emt 00:00:40]} Kxd1 {[%clk
00:08:19]} {[%emt 00:00:08]} 70. f5 {[%clk 00:54:14]} {[%emt 00:00:03]} Kc2
{[%clk 00:08:44]} {[%emt 00:00:05]} 71. g4 {[%clk 00:54:40]} {[%emt 00:00:04]}
d1=Q+ {[%clk 00:09:08]} {[%emt 00:00:07]} 72. Kf2 {[%clk 00:55:06]} {[%emt
00:00:03]} Re7 {[%clk 00:09:30]} {[%emt 00:00:08]} 73. Kg2 {[%clk 00:55:29]}
{[%emt 00:00:06]} Re2 {[%clk 00:09:55]} {[%emt 00:00:05]} 74. Kf3 {[%clk
00:55:53]} {[%emt 00:00:06]} Qd3+ {[%clk 00:10:21]} {[%emt 00:00:04]} 0-1

[Event "Deutsche Ländermeisterschaft 2025"]
[Site "Oer-Erkenschwick GER"]
[Date "2025.10.04"]
[Round "6"]
[White "Steinbrenner, Peter"]
[Black "Shevchenko, Igor"]
[Result "0-1"]
[Termination "normal"]
[Board "3.6"]
[WhiteElo "2007"]
[BlackElo "1985"]
[WhiteClock "00:50:37"]
[BlackClock "00:03:17"]
[WhiteTeam "Rheinland-Pfalz"]
[BlackTeam "Sachsen-Anhalt"]
[PlyCount "104"]
[WhiteFideId "34645535"]
[BlackFideId "34634924"]
[EventCountry "GER"]
[EventRounds "7"]
[EventType "team-swiss"]
[EventDate "2025.09.30"]

1. d4 {[%clk 01:30:53]} {[%emt 00:00:06]} Nf6 {[%clk 01:30:34]} {[%emt
00:00:26]} 2. Nc3 {[%clk 01:31:09]} {[%emt 00:00:15]} d5 {[%clk 01:30:45]}
{[%emt 00:00:18]} 3. Bf4 {[%clk 01:31:29]} {[%emt 00:00:10]} c5 {[%clk
01:29:51]} {[%emt 00:01:24]} 4. e3 {[%clk 01:31:47]} {[%emt 00:00:13]} cxd4
{[%clk 01:29:27]} {[%emt 00:00:54]} 5. exd4 {[%clk 01:32:04]} {[%emt 00:00:14]}
a6 {[%clk 01:29:46]} {[%emt 00:00:10]} 6. Nf3 {[%clk 01:32:23]} {[%emt
00:00:10]} Bf5 {[%clk 01:24:45]} {[%emt 00:05:31]} 7. Bd3 {[%clk 01:30:29]}
{[%emt 00:02:24]} Bxd3 {[%clk 01:18:23]} {[%emt 00:06:53]} 8. Qxd3 {[%clk
01:30:43]} {[%emt 00:00:15]} e6 {[%clk 01:18:30]} {[%emt 00:00:23]} 9. O-O
{[%clk 01:30:56]} {[%emt 00:00:16]} Bd6 {[%clk 01:18:14]} {[%emt 00:00:46]} 10.
Ne5 {[%clk 01:29:56]} {[%emt 00:01:30]} Qc7 {[%clk 01:16:00]} {[%emt 00:02:44]}
11. Rfe1 {[%clk 01:27:59]} {[%emt 00:02:28]} O-O {[%clk 01:13:42]} {[%emt
00:02:48]} 12. Rad1 {[%clk 01:21:53]} {[%emt 00:06:35]} b5 {[%clk 01:07:15]}
{[%emt 00:06:58]} 13. a3 {[%clk 01:20:40]} {[%emt 00:01:43]} Nbd7 {[%clk
01:00:48]} {[%emt 00:06:57]} 14. Re3 {[%clk 01:14:19]} {[%emt 00:06:50]} Rfc8
{[%clk 00:45:41]} {[%emt 00:15:37]} 15. Rde1 {[%clk 01:07:06]} {[%emt
00:07:44]} Nf8 {[%clk 00:35:43]} {[%emt 00:10:27]} 16. Bg3 {[%clk 01:00:48]}
{[%emt 00:06:49]} Ng6 {[%clk 00:27:01]} {[%emt 00:09:13]} 17. Rf3 {[%clk
01:01:03]} {[%emt 00:00:15]} Bxe5 {[%clk 00:19:23]} {[%emt 00:08:07]} 18. Rxe5
{[%clk 00:59:47]} {[%emt 00:01:46]} Qc4 {[%clk 00:14:53]} {[%emt 00:05:00]} 19.
Qxc4 {[%clk 00:56:43]} {[%emt 00:03:34]} Rxc4 {[%clk 00:14:53]} {[%emt
00:00:30]} 20. Re2 {[%clk 00:53:33]} {[%emt 00:03:40]} Rxd4 {[%clk 00:14:12]}
{[%emt 00:01:11]} 21. h3 {[%clk 00:52:33]} {[%emt 00:01:30]} h5 {[%clk
00:11:58]} {[%emt 00:02:44]} 22. b3 {[%clk 00:50:50]} {[%emt 00:02:13]} b4
{[%clk 00:10:52]} {[%emt 00:01:35]} 23. axb4 {[%clk 00:51:14]} {[%emt
00:00:05]} Rxb4 {[%clk 00:11:14]} {[%emt 00:00:08]} 24. Bd6 {[%clk 00:50:00]}
{[%emt 00:01:44]} Rb6 {[%clk 00:10:27]} {[%emt 00:01:18]} 25. Bg3 {[%clk
00:48:46]} {[%emt 00:01:43]} Rc6 {[%clk 00:10:24]} {[%emt 00:00:33]} 26. Na4
{[%clk 00:46:10]} {[%emt 00:03:06]} Rac8 {[%clk 00:10:07]} {[%emt 00:00:47]}
27. c3 {[%clk 00:46:34]} {[%emt 00:00:06]} Ne4 {[%clk 00:09:14]} {[%emt
00:01:23]} 28. Ree3 {[%clk 00:45:22]} {[%emt 00:01:42]} Nd2 {[%clk 00:09:29]}
{[%emt 00:00:14]} 29. b4 {[%clk 00:45:11]} {[%emt 00:00:41]} Nxf3+ {[%clk
00:09:55]} {[%emt 00:00:05]} 30. gxf3 {[%clk 00:45:30]} {[%emt 00:00:11]} Ne7
{[%clk 00:09:36]} {[%emt 00:00:49]} 31. Nc5 {[%clk 00:45:55]} {[%emt 00:00:05]}
Nf5 {[%clk 00:09:42]} {[%emt 00:00:24]} 32. Rd3 {[%clk 00:46:22]} {[%emt
00:00:04]} a5 {[%clk 00:09:19]} {[%emt 00:00:53]} 33. Bf4 {[%clk 00:46:46]}
{[%emt 00:00:06]} axb4 {[%clk 00:09:03]} {[%emt 00:00:45]} 34. cxb4 {[%clk
00:47:08]} {[%emt 00:00:09]} f6 {[%clk 00:08:07]} {[%emt 00:01:26]} 35. Ra3
{[%clk 00:47:30]} {[%emt 00:00:07]} e5 {[%clk 00:06:37]} {[%emt 00:02:00]} 36.
Bd2 {[%clk 00:47:48]} {[%emt 00:00:12]} Rxc5 {[%clk 00:06:35]} {[%emt
00:00:32]} 37. bxc5 {[%clk 00:48:13]} {[%emt 00:00:05]} Rxc5 {[%clk 00:07:01]}
{[%emt 00:00:04]} 38. Kf1 {[%clk 00:48:04]} {[%emt 00:00:39]} Rb5 {[%clk
00:06:24]} {[%emt 00:01:06]} 39. Ra8+ {[%clk 00:48:18]} {[%emt 00:00:17]} Kf7
{[%clk 00:06:31]} {[%emt 00:00:23]} 40. Ra7+ {[%clk 00:48:40]} {[%emt
00:00:07]} Ke6 {[%clk 00:06:41]} {[%emt 00:00:19]} 41. Ra6+ {[%clk 00:49:06]}
{[%emt 00:00:05]} Kd7 {[%clk 00:06:58]} {[%emt 00:00:13]} 42. Ra7+ {[%clk
00:49:15]} {[%emt 00:00:21]} Kc6 {[%clk 00:06:48]} {[%emt 00:00:39]} 43. Ra8
{[%clk 00:49:37]} {[%emt 00:00:09]} Kc5 {[%clk 00:05:02]} {[%emt 00:02:17]} 44.
Rc8+ {[%clk 00:49:58]} {[%emt 00:00:09]} Kd6 {[%clk 00:03:36]} {[%emt
00:01:55]} 45. Rd8+ {[%clk 00:50:07]} {[%emt 00:00:22]} Ke7 {[%clk 00:03:39]}
{[%emt 00:00:27]} 46. Ra8 {[%clk 00:50:33]} {[%emt 00:00:05]} Rb1+ {[%clk
00:01:47]} {[%emt 00:02:22]} 47. Kg2 {[%clk 00:50:27]} {[%emt 00:00:36]} Nh4+
{[%clk 00:01:29]} {[%emt 00:00:48]} 48. Kg3 {[%clk 00:50:50]} {[%emt 00:00:08]}
g5 {[%clk 00:01:50]} {[%emt 00:00:09]} 49. Ra7+ {[%clk 00:50:08]} {[%emt
00:01:12]} Ke6 {[%clk 00:02:12]} {[%emt 00:00:08]} 50. Ra6+ {[%clk 00:50:01]}
{[%emt 00:00:36]} Kf5 {[%clk 00:02:31]} {[%emt 00:00:11]} 51. Ba5 {[%clk
00:50:10]} {[%emt 00:00:21]} Rg1+ {[%clk 00:02:51]} {[%emt 00:00:10]} 52. Kh2
{[%clk 00:50:37]} {[%emt 00:00:04]} Nxf3# {[%clk 00:03:17]} {[%emt 00:00:04]}
0-1

[Event "Deutsche Ländermeisterschaft 2025"]
[Site "Oer-Erkenschwick GER"]
[Date "2025.10.04"]
[Round "6"]
[White "Rössling, Laura Marie"]
[Black "Gyácsok, Dzvinka"]
[Result "0-1"]
[Termination "normal"]
[Board "3.7"]
[WhiteElo "1752"]
[BlackElo "1676"]
[WhiteClock "00:00:39"]
[BlackClock "00:01:08"]
[WhiteTeam "Sachsen-Anhalt"]
[BlackTeam "Rheinland-Pfalz"]
[PlyCount "80"]
[WhiteFideId "16289471"]
[BlackFideId "16298292"]
[EventCountry "GER"]
[EventRounds "7"]
[EventType "team-swiss"]
[EventDate "2025.09.30"]

1. e4 {[%clk 01:30:52]} {[%emt 00:00:07]} e5 {[%clk 01:30:54]} {[%emt
00:00:07]} 2. Nf3 {[%clk 01:31:04]} {[%emt 00:00:17]} Nc6 {[%clk 01:31:10]}
{[%emt 00:00:13]} 3. Bc4 {[%clk 01:31:02]} {[%emt 00:00:32]} Bc5 {[%clk
01:31:13]} {[%emt 00:00:27]} 4. c3 {[%clk 01:30:47]} {[%emt 00:00:45]} Nf6
{[%clk 01:31:04]} {[%emt 00:00:39]} 5. d4 {[%clk 01:30:40]} {[%emt 00:00:37]}
exd4 {[%clk 01:30:45]} {[%emt 00:00:48]} 6. e5 {[%clk 01:27:50]} {[%emt
00:03:21]} d5 {[%clk 01:29:55]} {[%emt 00:01:19]} 7. Bb5 {[%clk 01:28:05]}
{[%emt 00:00:16]} Ne4 {[%clk 01:28:58]} {[%emt 00:01:28]} 8. cxd4 {[%clk
01:28:31]} {[%emt 00:00:04]} Bb6 {[%clk 01:28:00]} {[%emt 00:01:27]} 9. Nc3
{[%clk 01:28:46]} {[%emt 00:00:15]} O-O {[%clk 01:26:44]} {[%emt 00:01:46]} 10.
Be3 {[%clk 01:28:49]} {[%emt 00:00:28]} Bd7 {[%clk 01:23:17]} {[%emt 00:03:57]}
11. Bd3 {[%clk 01:24:18]} {[%emt 00:04:59]} Bg4 {[%clk 01:20:14]} {[%emt
00:03:34]} 12. h3 {[%clk 01:19:13]} {[%emt 00:05:34]} Bh5 {[%clk 01:16:51]}
{[%emt 00:03:53]} 13. Be2 {[%clk 01:07:40]} {[%emt 00:12:02]} Ne7 {[%clk
01:00:43]} {[%emt 00:16:40]} 14. Qc2 {[%clk 00:50:20]} {[%emt 00:17:51]} Nxc3
{[%clk 00:46:41]} {[%emt 00:14:32]} 15. bxc3 {[%clk 00:49:59]} {[%emt
00:00:51]} Bg6 {[%clk 00:43:20]} {[%emt 00:03:50]} 16. Bd3 {[%clk 00:47:19]}
{[%emt 00:03:09]} Bxd3 {[%clk 00:37:20]} {[%emt 00:06:31]} 17. Qxd3 {[%clk
00:47:25]} {[%emt 00:00:24]} f6 {[%clk 00:34:24]} {[%emt 00:03:26]} 18. O-O
{[%clk 00:44:10]} {[%emt 00:03:44]} Ng6 {[%clk 00:31:27]} {[%emt 00:03:26]} 19.
exf6 {[%clk 00:38:32]} {[%emt 00:06:09]} Qxf6 {[%clk 00:29:01]} {[%emt
00:02:56]} 20. a4 {[%clk 00:36:59]} {[%emt 00:02:03]} c6 {[%clk 00:25:57]}
{[%emt 00:03:34]} 21. Qb1 {[%clk 00:22:56]} {[%emt 00:14:29]} Rab8 {[%clk
00:22:53]} {[%emt 00:03:39]} 22. Re1 {[%clk 00:15:54]} {[%emt 00:07:30]} Nf4
{[%clk 00:18:02]} {[%emt 00:05:22]} 23. Ne5 {[%clk 00:14:07]} {[%emt 00:02:17]}
Qd6 {[%clk 00:14:13]} {[%emt 00:04:18]} 24. a5 {[%clk 00:07:36]} {[%emt
00:07:02]} Bc7 {[%clk 00:12:26]} {[%emt 00:02:17]} 25. Bc1 {[%clk 00:05:47]}
{[%emt 00:02:19]} Qd8 {[%clk 00:06:27]} {[%emt 00:06:28]} 26. Qc2 {[%clk
00:05:26]} {[%emt 00:00:52]} Bxa5 {[%clk 00:03:22]} {[%emt 00:03:35]} 27. Ba3
{[%clk 00:04:31]} {[%emt 00:01:25]} Qg5 {[%clk 00:03:12]} {[%emt 00:00:39]} 28.
Ng4 {[%clk 00:02:00]} {[%emt 00:03:01]} Rfe8 {[%clk 00:02:34]} {[%emt
00:01:06]} 29. Rxe8+ {[%clk 00:01:00]} {[%emt 00:01:31]} Rxe8 {[%clk 00:02:56]}
{[%emt 00:00:08]} 30. Bd6 {[%clk 00:01:05]} {[%emt 00:00:25]} Ne2+ {[%clk
00:01:50]} {[%emt 00:01:36]} 31. Kh2 {[%clk 00:00:58]} {[%emt 00:00:36]} Bxc3
{[%clk 00:01:20]} {[%emt 00:01:00]} 32. Rxa7 {[%clk 00:01:04]} {[%emt
00:00:24]} Bxd4 {[%clk 00:01:30]} {[%emt 00:00:20]} 33. Rxb7 {[%clk 00:01:20]}
{[%emt 00:00:14]} h5 {[%clk 00:01:23]} {[%emt 00:00:37]} 34. Qxc6 {[%clk
00:01:23]} {[%emt 00:00:28]} Qg6 {[%clk 00:01:00]} {[%emt 00:00:52]} 35. Ne3
{[%clk 00:01:05]} {[%emt 00:00:49]} Be5+ {[%clk 00:01:01]} {[%emt 00:00:28]}
36. g3 {[%clk 00:01:12]} {[%emt 00:00:24]} Bxd6 {[%clk 00:01:18]} {[%emt
00:00:12]} 37. Qxd5+ {[%clk 00:01:19]} {[%emt 00:00:23]} Kh8 {[%clk 00:01:11]}
{[%emt 00:00:36]} 38. Nf5 {[%clk 00:01:14]} {[%emt 00:00:36]} Be5 {[%clk
00:01:07]} {[%emt 00:00:34]} 39. Rb3 {[%clk 00:00:42]} {[%emt 00:01:03]} Qxf5
{[%clk 00:01:09]} {[%emt 00:00:28]} 40. Qd2 {[%clk 00:00:39]} {[%emt 00:00:32]}
Qxf2+ {[%clk 00:01:08]} {[%emt 00:00:31]} 0-1

[Event "Deutsche Ländermeisterschaft 2025"]
[Site "Oer-Erkenschwick GER"]
[Date "2025.10.04"]
[Round "6"]
[White "Frydel, Helena"]
[Black "Nönnig, Lotte"]
[Result "0-1"]
[Termination "normal"]
[Board "3.8"]
[WhiteElo "1549"]
[BlackElo "1642"]
[WhiteClock "00:23:22"]
[BlackClock "00:03:28"]
[WhiteTeam "Rheinland-Pfalz"]
[BlackTeam "Sachsen-Anhalt"]
[PlyCount "64"]
[WhiteFideId "16266536"]
[BlackFideId "34611509"]
[EventCountry "GER"]
[EventRounds "7"]
[EventType "team-swiss"]
[EventDate "2025.09.30"]

1. e4 {[%clk 01:30:55]} {[%emt 00:00:03]} e5 {[%clk 01:30:26]} {[%emt
00:00:34]} 2. Nf3 {[%clk 01:31:13]} {[%emt 00:00:12]} Nc6 {[%clk 01:30:36]}
{[%emt 00:00:20]} 3. Nc3 {[%clk 01:31:30]} {[%emt 00:00:13]} Nf6 {[%clk
01:30:37]} {[%emt 00:00:29]} 4. d4 {[%clk 01:31:46]} {[%emt 00:00:14]} exd4
{[%clk 01:30:33]} {[%emt 00:00:33]} 5. Nxd4 {[%clk 01:32:11]} {[%emt 00:00:05]}
Bb4 {[%clk 01:30:24]} {[%emt 00:00:39]} 6. Nxc6 {[%clk 01:32:35]} {[%emt
00:00:07]} bxc6 {[%clk 01:30:34]} {[%emt 00:00:20]} 7. Bd3 {[%clk 01:33:01]}
{[%emt 00:00:04]} d5 {[%clk 01:29:51]} {[%emt 00:01:12]} 8. exd5 {[%clk
01:33:27]} {[%emt 00:00:04]} cxd5 {[%clk 01:30:14]} {[%emt 00:00:07]} 9. O-O
{[%clk 01:33:54]} {[%emt 00:00:04]} O-O {[%clk 01:29:56]} {[%emt 00:00:47]} 10.
Bg5 {[%clk 01:34:19]} {[%emt 00:00:05]} c6 {[%clk 01:29:52]} {[%emt 00:00:34]}
11. Qf3 {[%clk 01:33:57]} {[%emt 00:00:53]} Be7 {[%clk 01:29:19]} {[%emt
00:01:03]} 12. h3 {[%clk 01:31:13]} {[%emt 00:03:14]} h6 {[%clk 01:27:49]}
{[%emt 00:02:00]} 13. Bf4 {[%clk 01:26:09]} {[%emt 00:05:33]} Bd6 {[%clk
01:26:25]} {[%emt 00:01:54]} 14. Be3 {[%clk 01:23:48]} {[%emt 00:02:52]} Be6
{[%clk 01:19:40]} {[%emt 00:07:16]} 15. Rfe1 {[%clk 01:15:00]} {[%emt
00:09:19]} Qe7 {[%clk 01:04:40]} {[%emt 00:15:29]} 16. a3 {[%clk 01:04:46]}
{[%emt 00:10:44]} Rab8 {[%clk 00:59:03]} {[%emt 00:06:06]} 17. b4 {[%emt
00:07:15]} a5 {[%clk 00:45:05]} {[%emt 00:10:20]} 18. bxa5 {[%clk 00:57:38]}
{[%emt 00:05:02]} Bxa3 {[%clk 00:42:46]} {[%emt 00:02:48]} 19. a6 {[%clk
00:53:52]} {[%emt 00:04:17]} Bb2 {[%clk 00:38:11]} {[%emt 00:05:06]} 20. a7
{[%clk 00:53:32]} {[%emt 00:00:50]} Ra8 {[%clk 00:37:36]} {[%emt 00:00:59]} 21.
Na4 {[%clk 00:52:12]} {[%emt 00:01:56]} Bxa1 {[%emt 00:01:58]} 22. Bc5 {[%clk
00:52:20]} {[%emt 00:00:20]} Qb7 {[%clk 00:30:46]} {[%emt 00:05:40]} 23. Bxf8
{[%clk 00:52:09]} {[%emt 00:00:55]} Qxa7 {[%clk 00:28:43]} {[%emt 00:02:32]}
24. Rxa1 {[%clk 00:50:30]} {[%emt 00:02:09]} Kxf8 {[%clk 00:27:49]} {[%emt
00:01:23]} 25. Qf4 {[%clk 00:47:00]} {[%emt 00:04:02]} Kg8 {[%clk 00:22:03]}
{[%emt 00:06:16]} 26. Rb1 {[%clk 00:41:46]} {[%emt 00:05:44]} c5 {[%clk
00:12:43]} {[%emt 00:09:49]} 27. c3 {[%clk 00:32:54]} {[%emt 00:09:22]} Nd7
{[%clk 00:07:29]} {[%emt 00:05:44]} 28. Nb2 {[%clk 00:30:16]} {[%emt 00:03:05]}
Qa3 {[%clk 00:04:41]} {[%emt 00:03:21]} 29. c4 {[%clk 00:24:16]} {[%emt
00:06:32]} Nb6 {[%clk 00:02:35]} {[%emt 00:02:35]} 30. cxd5 {[%clk 00:23:00]}
{[%emt 00:01:46]} Nxd5 {[%clk 00:02:58]} {[%emt 00:00:07]} 31. Be4 {[%clk
00:23:06]} {[%emt 00:00:24]} Nxf4 {[%clk 00:03:06]} {[%emt 00:00:22]} 32. Bxa8
{[%clk 00:23:22]} {[%emt 00:00:14]} Qxa8 {[%clk 00:03:28]} {[%emt 00:00:08]}
0-1